Life's greatest secret : (Record no. 126947)

MARC details
000 -LEADER
campo de control de longitud fija 02454cam a22005057a 4500
001 - NÚMERO DE CONTROL
campo de control 18543997
003 - IDENTIFICADOR DE NÚMERO DE CONTROL
campo de control BJBSDDR
005 - FECHA Y HORA DE LA ÚLTIMA TRANSACCIÓN
campo de control 20260428185117.0
006 - CÓDIGOS DE INFORMACIÓN DE LONGITUD FIJA--CARACTERÍSTICAS DEL MATERIAL ADICIONAL
campo de control de longitud fija a|||||r|||| 00| 0
007 - CAMPO FIJO DE DESCRIPCIÓN FÍSICA--INFORMACIÓN GENERAL
campo de control de longitud fija ta
008 - DATOS DE LONGITUD FIJA--INFORMACIÓN GENERAL
campo de control de longitud fija 150327s2015 nyuaf rb 001 0 eng d
010 ## - NÚMERO DE CONTROL DE LA BIBLIOTECA DEL CONGRESO
Número de control de LC 2015937254
020 ## - NÚMERO INTERNACIONAL ESTÁNDAR DEL LIBRO
Número Internacional Estándar del Libro 9780465062676
Información calificativa (hardcover)
020 ## - NÚMERO INTERNACIONAL ESTÁNDAR DEL LIBRO
Número Internacional Estándar del Libro 0465062679
Información calificativa (hardcover)
020 ## - NÚMERO INTERNACIONAL ESTÁNDAR DEL LIBRO
ISBN cancelado o inválido 9780465062669
Información calificativa (e-book)
035 ## - NÚMERO DE CONTROL DEL SISTEMA
Número de control de sistema 18543997
035 ## - NÚMERO DE CONTROL DEL SISTEMA
Número de control de sistema (OCoLC)911940015
040 ## - FUENTE DE CATALOGACIÓN
Centro catalogador/agencia de origen JAI
Lengua de catalogación eng
Centro/agencia transcriptor JAI
Centro/agencia modificador BKL
-- ABG
-- YDXCP
-- BDX
-- BTCTA
-- KTP
-- CDX
-- CGP
-- VP@
-- UMS
-- DLC
041 ## - CÓDIGO DE IDIOMA
Código de lengua del texto/banda sonora o título independiente eng
042 ## - CÓDIGO DE AUTENTICACIÓN
Código de autenticación lccopycat
050 00 - SIGNATURA TOPOGRÁFICA DE LA BIBLIOTECA DEL CONGRESO
Número de clasificación QH447
Número de ítem .C653l 2015
082 04 - NÚMERO DE LA CLASIFICACIÓN DECIMAL DEWEY
Número de clasificación 572.8/633
Número de edición 23
100 1# - ENTRADA PRINCIPAL--NOMBRE DE PERSONA
Nombre de persona Cobb, Matthew,
Fechas asociadas al nombre 1957-
9 (RLIN) 26427
245 10 - MENCIÓN DEL TÍTULO
Título Life's greatest secret :
Resto del título the race to crack the genetic code /
Mención de responsabilidad, etc. Matthew Cobb.
264 #1 - PRODUCCIÓN, PUBLICACIÓN, DISTRIBUCIÓN, FABRICACIÓN Y COPYRIGHT
Producción, publicación, distribución, fabricación y copyright New York :
Nombre del de productor, editor, distribuidor, fabricante Basic Books,
Fecha de producción, publicación, distribución, fabricación o copyright 2015.
300 ## - DESCRIPCIÓN FÍSICA
Extensión xiv, 434 pages :
Otras características físicas illustrations ;
Dimensiones 24 cm.
336 ## - TIPO DE CONTENIDO
Término de tipo de contenido text
Código de tipo de contenido txt
Fuente rdacontent
337 ## - TIPO DE MEDIO
Nombre/término del tipo de medio unmediated
Código del tipo de medio n
Fuente rdamedia
338 ## - TIPO DE SOPORTE
Nombre/término del tipo de soporte volume
Código del tipo de soporte nc
Fuente rdacarrier
500 ## - NOTA GENERAL
Nota general "First published in Great Britain in 2015 by Profile Books Ltd"--Title-page verso.
504 ## - NOTA DE BIBLIOGRAFÍA, ETC.
Nota de bibliografía, etc. Includes bibliographical references (pages [323]-404) and index.
505 ## - NOTA DE CONTENIDO CON FORMATO
Nota de contenido con formato Contenidos: <br/>Genes before DNA<br/>Information is everywhere<br/>The transformation of genes<br/>A slow revolution<br/>The age of control<br/>The double helix<br/>Genetic information<br/>The central dogma<br/>Enzyme cybernetics<br/>Enter the outsiders<br/>The race<br/>Update<br/>Surprises and sequences<br/>The central dogma revisited<br/>Brave new world<br/>Origins and meanings
520 ## - RESUMEN, ETC.
Sumario, etc. "'Life s Greatest Secret' is the story of the discovery and cracking of the genetic code, the thing that ultimately enables a spiraling molecule to give rise to the life that exists all around us"--
Fuente proveedora Provided by publisher.
650 #0 - PUNTO DE ACCESO ADICIONAL DE MATERIA--TÉRMINO DE MATERIA
Término de materia o nombre geográfico como elemento de entrada Genetic code.
650 #0 - PUNTO DE ACCESO ADICIONAL DE MATERIA--TÉRMINO DE MATERIA
Término de materia o nombre geográfico como elemento de entrada DNA.
856 42 - LOCALIZACIÓN Y ACCESO ELECTRÓNICOS
Materiales especificados Contributor biographical information
Identificador Uniforme de Recursos <a href="http://www.loc.gov/catdir/enhancements/fy1603/2015937254-b.html">http://www.loc.gov/catdir/enhancements/fy1603/2015937254-b.html</a>
856 42 - LOCALIZACIÓN Y ACCESO ELECTRÓNICOS
Materiales especificados Publisher description
Identificador Uniforme de Recursos <a href="http://www.loc.gov/catdir/enhancements/fy1603/2015937254-d.html">http://www.loc.gov/catdir/enhancements/fy1603/2015937254-d.html</a>
856 41 - LOCALIZACIÓN Y ACCESO ELECTRÓNICOS
Materiales especificados Table of contents only
Identificador Uniforme de Recursos <a href="http://www.loc.gov/catdir/enhancements/fy1603/2015937254-t.html">http://www.loc.gov/catdir/enhancements/fy1603/2015937254-t.html</a>
906 ## - ELEMENTOS DE DATOS F LOCAL, LDF (RLIN)
a 7
b cbc
c copycat
d 2
e ncip
f 20
g y-gencatlg
942 ## - ELEMENTOS DE ENTRADA SECUNDARIOS (KOHA)
Fuente del sistema de clasificación o colocación Clasificación de Library of Congress
Suprimir en OPAC No
Tipo de ítem Koha Libro
946 ## - PROCESAMIENTO DE INFORMACIÓN LOCAL (OCLC)
Iniciales del agente catalogador llh
Holdings
Estatus retirado Estado de pérdida Fuente del sistema de clasificación o colocación Estado de daño No para préstamo Colección Biblioteca de origen Biblioteca actual Ubicación en estantería Fecha de adquisición Signatura topográfica completa Código de barras Visto por última vez Copia número Tipo de ítem Koha
    Clasificación de Library of Congress     Automatización y Procesos Técnicos Biblioteca Juan Bosch Biblioteca Juan Bosch Automatización y Procesos Técnicos (1er. Piso) 28/04/2026 QH447 .C653l 2015 00000200040 28/04/2026 1 Libro